« Retourner aux résultats de recherche
armée verte (L')
soleil froid
| Auteur principal: | Jean-Pierre Pécau Auteur du texte |
|---|---|
| D'autres auteurs: | Damien dessinateur |
| Support: | Livres |
| Langue: | Francais |
| Publié: |
2019 Delcourt Lausanne |
| Series: |
Soleil froid |
| Genre: |
Bandes déssinées ADULTE |
| Sujets: | |
| Étiquettes: |
Ajouter
Pas de Tags !
|
| LEADER | 01104nam0a2200217 450 | ||
|---|---|---|---|
| 001 | 16831869 | ||
| 010 | |a 978-2-7560-9755-8 |b br. |d 14,95 | ||
| 100 | |a 20190319d2019 u u0frey01 ba | ||
| 101 | 0 | |a fre | |
| 102 | |a FR | ||
| 200 | 0 | |a armée verte (L') |e soleil froid |f Jean-Pierre Pécau, Damien | |
| 207 | 1 | |a | |
| 210 | |a Lausanne |b 27, rue de la Borde |c Delcourt |d 2019 | ||
| 215 | |a 1 vol. (56 p.) |d 32 cm | ||
| 330 | |a Jan, l'ancien soldat, L.N. et Marguerite, le robot militaire, poursuivent leur traversée des montagnes à la recherche du camp franc. Entre les essaims de micro-robots tueurs et les commandos, bardés d'exo-technologie, la progression est poussive. Lorsque la situation se complique l'un d'entre eux va se sacrifier pour laisser les deux autres arriver à destination... | ||
| 461 | 0 | |t Soleil froid |v 3 | |
| 700 | 0 | |a Pécau |b Jean-Pierre |c Auteur du texte |f 1955-.... |4 90 | |
| 701 | 0 | |a Damien |c dessinateur |f 1970-.... |4 0 | |
| 900 | |a Bandes déssinées ADULTE | ||
| 901 | |a Accessible au prêt | ||
| 995 | |a Bibliothèque |c Bibliothèque |f 024019679 |h 024019679 |k BDA PEC |o p |q a |r az |e Bibliothèque | ||
